000 00671nam a2200193 i 4500
001 96415
003 ES-MaACL
005 20250927101941.0
007 t|
008 050617q1910 fr ||||1| fre d
100 1 _aMailles, Jacques de (
_d14..-15.)
_9165174
245 1 0 _aHistoire du gentil seigneur de Bayart /
_ccomposée par le loyal serviteur ; publieè avec introduction et notice par Maurice Maindrón.
260 _aParis :
_bArthème Fayard,
_c[ca. 1910]
300 _a156 p. :
_bil. ;
_c24 cm.
600 1 7 _aBayard, Pierre Terrail,
_dca. 1473-1524
_2
_9165175
700 1 _aMaindrón, Maurice.
_975595
852 _aES-MaACL
_jC-111
999 _c96415
_d96415